PRICIPLE OF FANANCIAL AND MANAGEMENT ACCOUNTING COPERATE APPEROCH (Record no. 16861)
[ view plain ]
| 000 -LEADER | |
|---|---|
| fixed length control field | 00441nam a22001697a 4500 |
| 003 - CONTROL NUMBER IDENTIFIER | |
| control field | OSt |
| 005 - DATE AND TIME OF LATEST TRANSACTION | |
| control field | 20211105092701.0 |
| 008 - FIXED-LENGTH DATA ELEMENTS--GENERAL INFORMATION | |
| fixed length control field | 211105b |||||||| |||| 00| 0 eng d |
| 020 ## - INTERNATIONAL STANDARD BOOK NUMBER | |
| International Standard Book Number | 0130377481 |
| 040 ## - CATALOGING SOURCE | |
| Transcribing agency | HU |
| 082 ## - DEWEY DECIMAL CLASSIFICATION NUMBER | |
| Classification number | 658 |
| 100 ## - MAIN ENTRY--PERSONAL NAME | |
| Personal name | HORNGEREN CHARELES T. |
| 9 (RLIN) | 17031 |
| 245 ## - TITLE STATEMENT | |
| Title | PRICIPLE OF FANANCIAL AND MANAGEMENT ACCOUNTING COPERATE APPEROCH |
| 260 ## - PUBLICATION, DISTRIBUTION, ETC. | |
| Place of publication, distribution, etc. | NEW JERSEY |
| Name of publisher, distributor, etc. | ENGELAND |
| Date of publication, distribution, etc. | 1992 |
| 300 ## - PHYSICAL DESCRIPTION | |
| Extent | 1011 |
| 942 ## - ADDED ENTRY ELEMENTS (KOHA) | |
| Source of classification or shelving scheme | Dewey Decimal Classification |
| Koha item type | Books like text book referance book |
| Suppress in OPAC | No |
| Withdrawn status | Lost status | Source of classification or shelving scheme | Damaged status | Not for loan | Home library | Current library | Shelving location | Date acquired | Total Checkouts | Full call number | Barcode | Date last seen | Copy number | Price effective from | Koha item type |
|---|---|---|---|---|---|---|---|---|---|---|---|---|---|---|---|
| Dewey Decimal Classification | College of Business and Economics Library | College of Business and Economics Library | General Stacks | 11/05/2021 | 658/HOR | MBELIB0000007596 | 11/05/2021 | 1 | 11/05/2021 | Books like text book referance book | |||||
| Dewey Decimal Classification | College of Business and Economics Library | College of Business and Economics Library | General Stacks | 02/02/2022 | 658.15.11/HOR | MBEIJB 00004875 | 02/02/2022 | 1 | 02/02/2022 | Books like text book referance book | |||||
| Dewey Decimal Classification | College of Business and Economics Library | College of Business and Economics Library | General Stacks | 02/02/2022 | 658.15.11/HOR | MBEIJB 00004876 | 02/02/2022 | 2 | 02/02/2022 | Books like text book referance book | |||||
| Dewey Decimal Classification | College of Business and Economics Library | College of Business and Economics Library | General Stacks | 02/02/2022 | 658.15.11/HOR | MBEIJB 00004877 | 02/02/2022 | 3 | 02/02/2022 | Books like text book referance book | |||||
| Dewey Decimal Classification | College of Business and Economics Library | College of Business and Economics Library | General Stacks | 02/02/2022 | 658.15.11/HOR | MBEIJB 00004878 | 02/02/2022 | 4 | 02/02/2022 | Books like text book referance book |